000
00328nam a2200133Ia 4500
005
20251222141801.0
008
251222s9999||||xx |||||||||||||| ||spa||
020
_a
84-239-0112-2
082
_a
868.6/U53B
100
_a
"Unamuno, Miguel de"
245
0
_a
Abel Sánchez: Una historia de pasión
250
_a
17a.ed.
942
_c
LIB
999
_c
6151
_d
6151